Fire engineering design of steel structures (Record no. 77522)

MARC details
000 -LEADER
fixed length control field 00838cab a2200193 4500
001 - CONTROL NUMBER
control field ##L134432
008 - FIXED-LENGTH DATA ELEMENTS--GENERAL INFORMATION
fixed length control field 060804n2006 000 0 eng u
035 ## - SYSTEM CONTROL NUMBER
System control number (Sirsi) u134432
041 0# - LANGUAGE CODE
Language code of text/sound track or separate title eng
100 1# - MAIN ENTRY--PERSONAL NAME
Personal name Lennon, Tom
245 00 - TITLE STATEMENT
Title Fire engineering design of steel structures
260 ## - PUBLICATION, DISTRIBUTION, ETC.
Date of publication, distribution, etc. 2006
490 #0 - SERIES STATEMENT
Series statement Constructing the Future
Volume/sequential designation (29) Fall 2006, 5-6(2)
520 ## - SUMMARY, ETC.
Summary, etc. Looks at the advantages and disadvantages of some of the approaches to fire protection in steel framed structures. Discusses material behaviour, protection materials, innovative solutions based on partial protection and unprotected steel, performance based options, and new design methods. Graphs and tables.
590 ## - LOCAL NOTE (RLIN)
Local note IKA010806
651 #4 - SUBJECT ADDED ENTRY--GEOGRAPHIC NAME
Geographic name United Kingdom
Chronological subdivision
690 ## - LOCAL SUBJECT ADDED ENTRY--TOPICAL TERM (OCLC, RLIN)
Topical term or geographic name as entry element MANAGEMENT-HEALTH AND SAFETY-FIRE SAFETY-FIRE SAFETY ENGINEERING
942 ## - ADDED ENTRY ELEMENTS (KOHA)
Suppress in OPAC 0
Holdings
Withdrawn status Lost status Source of classification or shelving scheme Damaged status Not for loan Home library Current library Shelving location Date acquired Total Checkouts Full call number Barcode Date last seen Copy number Price effective from Koha item type
    Dewey Decimal Classification     London London Journal article 04/08/2006   L134432 134432-1001 06/08/2019 1 06/08/2019 Journal article